Statistics for Group of Things - Marvel Comics

Click here to take the quiz!

General Stats

  • This quiz has been taken 64 times
  • The average score is 31 of 78

Answer Stats

HintAnswer% Correct
New Fantastic FourHulk
87%
Original AvengersHulk
87%
Original AvengersIron Man
87%
Original X-MenCyclops
85%
Guardians of the Galaxy XXI CenturyGroot
83%
Original X-MenProfessor X
83%
Guardians of the Galaxy XXI CenturyStar-Lord
83%
Guardians of the Galaxy XXI CenturyRocket Raccoon
81%
Guardians of the Galaxy XXI CenturyGamora
79%
Original AvengersThor
79%
Original Brotherhood of Evil MutantsMagneto
75%
Fantastic FourThe Thing
73%
Fantastic FourHuman Torch
71%
New Fantastic FourWolverine
71%
Fantastic FourInvisible Woman
69%
Original AvengersAnt-Man
67%
Original X-MenBeast
67%
Original Sinister SixDoctor Octopus
62%
Original Sinister SixElectro
58%
Original X-MenIceman
58%
Fantastic FourMister Fantastic
58%
Original Masters of EvilRadioactive Man
58%
Original AvengersThe Wasp
58%
Original Sinister SixVulture
58%
Original X-MenAngel
56%
Original Sinister SixSandman
54%
Original Frightful FourSandman
54%
Black OrderThanos
50%
Attilan Royal FamilyBlack Bolt
46%
New Fantastic FourGhost Rider
44%
Original Midnight SonsGhost Rider
44%
Original Brotherhood of Evil MutantsToad
44%
Original Midnight SonsDoctor Strange
42%
Original Sinister SixMysterio
42%
Original Brotherhood of Evil MutantsQuicksilver
42%
Black OrderEbony Maw
40%
Guardians of the Galaxy XXI CenturyMantis
40%
Attilan Royal FamilyMedusa
40%
Original Frightful FourMedusa
40%
New Fantastic FourSpider-Man
40%
Original X-MenMarvel Girl
38%
Black OrderProxima Midnight
38%
Original Brotherhood of Evil MutantsScarlet Witch
38%
Black OrderCorvus Glaive
35%
Original Sinister SixKraven the Hunter
31%
Attilan Royal FamilyCrystal
29%
Attilan Royal FamilyLockjaw
29%
Guardians of the Galaxy 3000Yondu
29%
Guardians of the Galaxy XXI CenturyDrax the Destroyer
27%
Original Masters of EvilBaron Zemo
25%
Attilan Royal FamilyKarnak
25%
Guardians of the Galaxy XXI CenturyAdam Warlock
23%
Black OrderBlack Dwarf
21%
Attilan Royal FamilyTriton
21%
Attilan Royal FamilyGorgon
17%
Original Brotherhood of Evil MutantsMastermind
17%
Original Frightful FourWizard
17%
Guardians of the Galaxy 3000Charlie-27
15%
Original Midnight SonsHannibal King
15%
Guardians of the Galaxy 3000Martinex
15%
Guardians of the Galaxy 3000Starhawk
15%
Black OrderSupergiant
15%
Original Frightful FourPaste-Pot Pete
12%
Original Masters of EvilBlack Knight
10%
Guardians of the Galaxy 3000Major Victory
10%
Guardians of the Galaxy XXI CenturyMajor Victory
10%
Original Midnight SonsMorbius
10%
Guardians of the Galaxy 3000Aleta
8%
Guardians of the Galaxy XXI CenturyBug
8%
Attilan Royal FamilyMaximus the Mad
8%
Guardians of the Galaxy XXI CenturyPhyla-Vell
6%
Original Midnight SonsJohnny Blaze
4%
Guardians of the Galaxy 3000Nikki
4%
Original Midnight SonsFrank Drake
2%
Original Masters of EvilMelter
2%
Original Midnight SonsLouise Hastings
0%
Original Midnight SonsSam Buchanan
0%
Original Midnight SonsVictoria Montesi
0%

Score Distribution

Percentile by Number Answered

Percent of People with Each Score

Your Score History

You have not taken this quiz